000 00326nam a22001457a 4500
003 SGT
082 _a615.58
_bM14C
100 _aCCRH
245 _aMONOGRAPH ON HOMOEOPATHIC DRUG CYNOLON-DACTYLON ( DUB GRASS)
260 _aDELHI
_bCCRH
_c2014
300 _a120
650 _aHOMOEOPATHIC
653 _aDRUG
942 _2ddc
_cBK
999 _c18200
_d18200